Oceňovanie vnútropodnikových výkonov diplomová práca

Uložené v:
Podrobná bibliografia
Hlavný autor: Kaiserová, Kristína
Korporativný autor: Fakulta podnikového manažmentu EU. Katedra podnikovohospodárska
Ďalší autori: Tóth, Miroslav, 1961-
Médium: Kniha
Jazyk:Slovak
Vydavateľské údaje: Bratislava 2022
Tagy: Pridať tag
Žiadne tagy, Buďte prvý, kto otaguje tento záznam!

MARC

LEADER 00000nbm a2200000 4500
001 0285366
005 20230216095856.0
041 0 |a slo 
044 |a SK 
245 1 0 |a Oceňovanie vnútropodnikových výkonov  |b diplomová práca  |c Kristína Kaiserová ; školiteľ: Miroslav Tóth 
264 1 |a Bratislava  |c 2022 
300 |a 66 s. 
100 1 |a Kaiserová, Kristína 
700 1 |a Tóth, Miroslav, 1961- 
710 2 |a Fakulta podnikového manažmentu EU. Katedra podnikovohospodárska